Statystyki dla Stolice państw azjatyckich

Kliknij tutaj aby rozwiązać quiz!

Ogólne statystyki

  • Ten quiz został rozwiązany 7 289 razy
  • Średni wynik to 28 z 49

Statystyki odpowiedzi

PaństwoStolica% Poprawnych
TurcjaAnkara
89%
ChinyPekin
87%
RosjaMoskwa
86%
JaponiaTokio
83%
Korea PołudniowaSeul
80%
Zjednoczone Emiraty ArabskieAbu Zabi
77%
CyprNikozja
74%
SingapurSingapur
72%
Korea PółnocnaPjongjang
71%
EgiptKair
70%
AzerbejdżanBaku
69%
SyriaDamaszek
69%
TajlandiaBangkok
68%
KuwejtKuwejt
68%
IndieNowe Delhi
68%
IrakBagdad
65%
IndonezjaDżakarta
64%
AfganistanKabul
64%
MongoliaUłan Bator
64%
WietnamHanoi
63%
IranTeheran
63%
KazachstanAstana
62%
ArmeniaErywań
62%
MalediwyMale
61%
FilipinyManila
60%
KatarAd-Dauha
59%
Arabia SaudyjskaRijad
59%
JordaniaAmman
58%
PakistanIslamabad
58%
GruzjaTbilisi
58%
LibanBejrut
56%
NepalKatmandu
53%
BangladeszDhaka
51%
MalezjaKuala Lumpur
51%
JemenSana
49%
KirgistanBiszkek
47%
Timor WschodniDili
46%
LaosWientian
44%
OmanMaskat
42%
TadżykistanDuszanbe
41%
TurkmenistanAszchabad
40%
BahrajnManama
40%
UzbekistanTaszkent
40%
IzraelTel Awiw-Jafa
39%
Sri LankaSri Dźajawardanapura Kotte
36%
KambodżaPhnom Penh
35%
BruneiBandar Seri Begawan
31%
BhutanThimphu
28%
BirmaNaypyidaw
25%

Rozkład punktacji

Percentyl według liczby udzielonych odpowiedzi

Procent ludzi z każdym wynikiem

Twoja historia wyników

Nie rozwiązałeś tego quizu